000 00866nam a2200277 i 4500
003 EG-GICUC
005 20260405183712.0
008 260404s1972 fr |||fr|||| 00| 0 fre d
040 _a EG-GICUC
_bfre
_c EG-GICUC
_d EG-GICUC
_erda
082 0 4 _221
_a343.93
_bDI . M
092 0 4 _221
099 _aLaw1 10 343.93 DI . M [1972]
100 1 _aDivier, P
_eAuteur
245 1 3 _aLe Mensonge en Publicité :
_bSa Repression Et Sa Prevention en France /
_cP. Divier.
264 1 _aParis
_bL.g.d.j.
_c[1972].
300 _a256 Pages;
_c24 cm.
336 _2rda content
_atext
337 _2rda media
_aComputer
338 _2rda carrier
_aOnline Resource
650 1 _2qrmak
_aPolitique Criminelle
650 1 _2qrmak
_aDroit De Pénal
651 1 _2qrmak
856 4 0 _uhttps://fll.law.cu.edu.eg/fulltext/bks/B10-08954.pdf
905 _a54
942 _2ddc
_cBK
_e21
_n0
999 _c68561
_d68561